| 000 | 00582nam a2200145 4500 | ||
|---|---|---|---|
| 999 |
_c372020 _d372020 |
||
| 008 | 221207b ||||| |||| 00| 0 eng d | ||
| 040 |
_aDE-2950 _cDE-2950 |
||
| 245 |
_aBörsenblatt für den Deutschen Buchhandel: _bSondernummer 100a vom 16. Dezember 1957 ; Archiv für Geschichte des Buchwesens (VII) |
||
| 260 |
_aFrankfurt a. M.: _bBuchhändler-Vereinigung, _c1957 |
||
| 300 | _aS. 1517 - 1628. | ||
| 505 | _aDarin: Brilling, Bernhard: Jüdische Buchdruckerfamilien in Frankfurt a. d. Oder. S. 1537 - 1548. | ||
| 653 | _aFrankfurt (Oder) | ||
| 653 | _aBuchdruck | ||
| 942 |
_2z _cB |
||